000
00262nam a2200109Ia 4500
008
220216s9999 xx 000 0 und d
100
_a
Gopakumar R
245
0
_a
Kala niyanthranam-Chirakkadavu mathruka
260
_b
Rubber
_c
2014
300
_a
17-19
942
_c
JS
999
_c
61812
_d
61812